[Event "Leipzig VfB op 24th"]
[Site "Leipzig"]
[Date "2017.03.25"]
[Round "7"]
[White "Rudolph, Juergen"]
[Black "Nesse, David"]
[Result "0-1"]
[WhiteElo "1781"]
[BlackElo "1715"]
[PlyCount "54"]
[EventDate "2017.03.21"]
[EventType "swiss"]
[EventRounds "9"]
[EventCountry "GER"]
[SourceTitle "EXT 2018"]
[Source "ChessBase"]
[SourceDate "2017.10.13"]
[SourceVersion "1"]
[SourceVersionDate "2017.10.13"]
[SourceQuality "1"]

1. b3 e5 2. e3 Nc6 3. Bb2 Nf6 4. c4 Bd6 5. Nc3 a6 6. Nf3 e4 7. Ng5 Qe7 8. Qb1 Be5 9. f4 Bxc3 10. Bxc3 0-0 11. Be2 h6 12. Nh3 d5 13. cxd5 Bxh3 14. dxc6 Bxg2 15. Rg1 Bf3 16. cxb7 Rab8 17. Qb2 Ng4 18. 0-0-0 Bxe2 19. Rde1 Bf3 20. h3 f5 21. hxg4 Bxg4 22. Be5 Rxb7 23. Qc3 Rb5 24. Kb2 Rc5 25. Qd4 Rd8 26. Qa4 Rxd2+ 27. Ka1 Rxe5 0-1

[Event "Leipzig VfB op 24th"]
[Site "Leipzig"]
[Date "2017.03.24"]
[Round "6"]
[White "Vorreiter, Heiko"]
[Black "Rudolph, Juergen"]
[Result "1-0"]
[WhiteElo "1714"]
[BlackElo "1781"]
[PlyCount "89"]
[EventDate "2017.03.21"]
[EventType "swiss"]
[EventRounds "9"]
[EventCountry "GER"]
[SourceTitle "EXT 2018"]
[Source "ChessBase"]
[SourceDate "2017.10.13"]
[SourceVersion "1"]
[SourceVersionDate "2017.10.13"]
[SourceQuality "1"]

1. d4 e6 2. c4 b6 3. Nf3 Bb7 4. Nc3 Nf6 5. e3 c5 6. d5 exd5 7. cxd5 g6 8. Bc4 d6 9. 0-0 Bg7 10. Re1 0-0 11. e4 a6 12. a4 Nbd7 13. Bf4 Ne5 14. Nxe5 dxe5 15. Bxe5 Re8 16. Bg3 Nh5 17. Qd3 Qe7 18. Rad1 Nxg3 19. Qxg3 Be5 20. Qd3 Bd4 21. Rd2 Bc8 22. Kf1 Bd7 23. b3 Qe5 24. Ne2 Qxh2 25. Nxd4 Qh1+ 26. Ke2 Bg4+ 27. Nf3 Qxg2 28. Rdd1 b5 29. axb5 axb5 30. Bxb5 Ra2+ 31. Rd2 Rxd2+ 32. Kxd2 Bxf3 33. Bxe8 Qxf2+ 34. Re2 Bxe2 35. Qxe2 Qd4+ 36. Kc2 Qa1 37. Ba4 Qa2+ 38. Kd3 Qa1 39. Qe3 Qf1+ 40. Kc3 Qa1+ 41. Kc4 Qb2 42. Qd3 Qc1+ 43. Kb5 Qa3 44. Qc4 h5 45. d6 1-0

[Event "Leipzig VfB op 24th"]
[Site "Leipzig"]
[Date "2017.03.22"]
[Round "3"]
[White "Rudolph, Juergen"]
[Black "Bernwald, Sascha"]
[Result "0-1"]
[WhiteElo "1781"]
[BlackElo "1591"]
[PlyCount "70"]
[EventDate "2017.03.21"]
[EventType "swiss"]
[EventRounds "9"]
[EventCountry "GER"]
[SourceTitle "EXT 2018"]
[Source "ChessBase"]
[SourceDate "2017.10.13"]
[SourceVersion "1"]
[SourceVersionDate "2017.10.13"]
[SourceQuality "1"]

1. b3 e5 2. e3 d5 3. Bb2 Nc6 4. Bb5 Bd6 5. f4 Qe7 6. Nf3 Bg4 7. fxe5 Bxf3 8. Qxf3 Bxe5 9. Bxe5 Qxe5 10. Bxc6+ bxc6 11. 0-0 Nf6 12. Nc3 0-0 13. Qf4 Qxf4 14. Rxf4 Nh5 15. Rd4 a5 16. Rh4 g6 17. Rf1 f5 18. a4 Nf6 19. Ne2 Rae8 20. Nd4 c5 21. Nc6 Re6 22. Nxa5 Ra6 23. b4 cxb4 24. Nb3 Rxa4 25. c3 Ne4 26. cxb4 Rxb4 27. Nc5 Rb2 28. Ne6 Ra8 29. d3 Nc3 30. Nxc7 Raa2 31. Ne6 Rxg2+ 32. Kh1 Rge2 33. e4 dxe4 34. dxe4 Nxe4 35. Rxe4 Rxh2+ 0-1

[Event "Leipzig VfB op 23rd"]
[Site "Leipzig"]
[Date "2016.03.17"]
[Round "5"]
[White "Stumbries, Lars"]
[Black "Rudolph, Juergen"]
[Result "1/2-1/2"]
[WhiteElo "1945"]
[BlackElo "1780"]
[PlyCount "34"]
[EventDate "2016.03.15"]
[EventType "swiss"]
[EventRounds "9"]
[EventCountry "GER"]
[SourceTitle "EXT 2017"]
[Source "ChessBase"]
[SourceDate "2016.10.25"]
[SourceVersion "1"]
[SourceVersionDate "2016.10.25"]
[SourceQuality "1"]

1. e4 e6 2. d4 b6 3. Nf3 Bb7 4. Bd3 c5 5. c4 cxd4 6. Nxd4 Nc6 7. Nxc6 dxc6 8. 0-0 Qd6 9. Qe2 e5 10. Be3 0-0-0 11. Rd1 Be7 12. Qg4+ Kb8 13. Qxg7 Nf6 14. Qxf7 Rhf8 15. Qg7 Rg8 16. Qf7 Rgf8 17. Qg7 Rg8 1/2-1/2

[Event "GER-chB Seniors 27th"]
[Site "Magdeburg"]
[Date "2015.08.18"]
[Round "4"]
[White "Fischer, Paul"]
[Black "Rudolph, Juergen"]
[Result "1-0"]
[WhiteElo "1919"]
[BlackElo "1751"]
[PlyCount "97"]
[EventDate "2015.08.15"]
[EventType "swiss"]
[EventRounds "9"]
[EventCountry "GER"]
[SourceTitle "EXT 2018"]
[Source "ChessBase"]
[SourceDate "2017.10.13"]
[SourceVersion "1"]
[SourceVersionDate "2017.10.13"]
[SourceQuality "1"]

1. Nc3 e5 2. Nf3 Nc6 3. d4 exd4 4. Nxd4 Nxd4 5. Qxd4 Nf6 6. e4 d6 7. Bc4 Be6 8. 0-0 Bxc4 9. Qxc4 Be7 10. Qb5+ Nd7 11. Qxb7 0-0 12. Nd5 Nb6 13. Nxb6 axb6 14. Be3 Bf6 15. c3 Qe7 16. Qc6 Rfc8 17. a3 Qe6 18. Rfd1 h6 19. Qd5 Ra5 20. Qxe6 fxe6 21. Rd3 Raa8 22. Rad1 Kf8 23. g3 Ke7 24. Kg2 Rd8 25. h4 b5 26. h5 Ra4 27. f3 e5 28. Bc1 Ke6 29. b3 Ra6 30. Bb2 Rd7 31. b4 Bg5 32. Kh3 Bf6 33. Kg4 Rc6 34. Rd5 Rb6 35. Ra1 c6 36. Rdd1 d5 37. exd5+ Rxd5 38. Rxd5 cxd5 39. a4 bxa4 40. Rxa4 e4 41. fxe4 dxe4 42. Kf4 Kd5 43. Ra5+ Kc4 44. Kxe4 Kb3 45. Ba1 Re6+ 46. Kf5 Re2 47. b5 Ra2 48. Ra6 Bd8 49. Kg6 1-0

[Event "GER-chB Seniors 27th"]
[Site "Magdeburg"]
[Date "2015.08.15"]
[Round "1"]
[White "Rudolph, Juergen"]
[Black "Kaufmann, Helmut"]
[Result "0-1"]
[WhiteElo "1751"]
[BlackElo "1957"]
[PlyCount "40"]
[EventDate "2015.08.15"]
[EventType "swiss"]
[EventRounds "9"]
[EventCountry "GER"]
[SourceTitle "EXT 2018"]
[Source "ChessBase"]
[SourceDate "2017.10.13"]
[SourceVersion "1"]
[SourceVersionDate "2017.10.13"]
[SourceQuality "1"]

1. b3 d6 2. e4 e5 3. Nf3 Nc6 4. Be2 g6 5. Bb2 Bg7 6. d3 Nge7 7. Nc3 0-0 8. 0-0 h6 9. Nd2 g5 10. Nd5 Nxd5 11. exd5 Ne7 12. c4 Ng6 13. Ne4 Nf4 14. Bf3 f5 15. Ng3 g4 16. Be2 h5 17. f3 h4 18. Nh1 Qg5 19. fxg4 fxg4 20. Nf2 g3 0-1

[Event "Leipzig VfB op 22nd"]
[Site "Leipzig"]
[Date "2015.03.07"]
[Round "8"]
[White "Rudolph, Juergen"]
[Black "Didt, Hartmut"]
[Result "1/2-1/2"]
[WhiteElo "1750"]
[BlackElo "1866"]
[PlyCount "30"]
[EventDate "2015.03.03"]
[EventType "swiss"]
[EventRounds "9"]
[EventCountry "GER"]
[SourceTitle "EXT 2016"]
[Source "ChessBase"]
[SourceDate "2015.10.08"]
[SourceVersion "1"]
[SourceVersionDate "2015.10.08"]
[SourceQuality "1"]

1. b3 d5 2. e3 Nf6 3. Bb2 Bf5 4. c4 e6 5. Nf3 Nbd7 6. cxd5 exd5 7. Be2 Be7 8. 0-0 0-0 9. d4 c6 10. Ba3 Bxa3 11. Nxa3 Ne4 12. Bd3 Qe7 13. Nc2 Nc3 14. Qd2 Bxd3 15. Qxd3 Ne4 1/2-1/2

[Event "Leipzig VfB op 21st"]
[Site "Leipzig"]
[Date "2014.03.08"]
[Round "7"]
[White "Herfurth, Thomas"]
[Black "Rudolph, Juergen"]
[Result "1/2-1/2"]
[WhiteElo "1928"]
[BlackElo "1791"]
[PlyCount "23"]
[EventDate "2014.03.04"]
[EventType "tourn"]
[EventRounds "9"]
[EventCountry "GER"]
[SourceTitle "CBM 159 Extra"]
[Source "ChessBase"]
[SourceDate "2014.04.24"]
[SourceVersion "1"]
[SourceVersionDate "2014.04.24"]
[SourceQuality "1"]

1. Nc3 b6 2. f4 Bb7 3. Nf3 Nf6 4. e3 e6 5. a3 Be7 6. Be2 c5 7. 0-0 0-0 8. d4 cxd4 9. Nxd4 d6 10. Bf3 Bxf3 11. Qxf3 d5 12. Kh1 1/2-1/2

[Event "Leipzig VfB op 21st"]
[Site "Leipzig"]
[Date "2014.03.05"]
[Round "3"]
[White "Halas, Julia"]
[Black "Rudolph, Juergen"]
[Result "1/2-1/2"]
[WhiteElo "1579"]
[BlackElo "1791"]
[PlyCount "46"]
[EventDate "2014.03.04"]
[EventType "tourn"]
[EventRounds "9"]
[EventCountry "GER"]
[SourceTitle "CBM 159 Extra"]
[Source "ChessBase"]
[SourceDate "2014.04.24"]
[SourceVersion "1"]
[SourceVersionDate "2014.04.24"]
[SourceQuality "1"]

1. d4 e6 2. c4 b6 3. Nf3 Bb7 4. g3 Nf6 5. Bg2 c5 6. Nc3 cxd4 7. Qxd4 Nc6 8. Qd1 Ne5 9. b3 Nxf3+ 10. Bxf3 Bxf3 11. exf3 Bb4 12. Qd3 0-0 13. 0-0 Rc8 14. Bb2 d5 15. cxd5 Bxc3 16. Bxc3 Nxd5 17. Be5 Qd7 18. Rac1 Rc6 19. Rc4 Rfc8 20. Rfc1 Qe8 21. Rxc6 Rxc6 22. Rxc6 Qxc6 23. Qc4 Qd7 1/2-1/2

[Event "Leipzig VfB op 21st"]
[Site "Leipzig"]
[Date "2014.03.04"]
[Round "1"]
[White "Rudolph, Juergen"]
[Black "Hentze, Markus"]
[Result "0-1"]
[WhiteElo "1791"]
[BlackElo "2115"]
[PlyCount "76"]
[EventDate "2014.03.04"]
[EventType "tourn"]
[EventRounds "9"]
[EventCountry "GER"]
[SourceTitle "CBM 159 Extra"]
[Source "ChessBase"]
[SourceDate "2014.04.24"]
[SourceVersion "1"]
[SourceVersionDate "2014.04.24"]
[SourceQuality "1"]

1. b3 e5 2. e3 d5 3. Bb2 Nc6 4. Bb5 Bd6 5. f4 Qe7 6. Nf3 Bg4 7. fxe5 Bxe5 8. Bxc6+ bxc6 9. Bxe5 Bxf3 10. Qxf3 Qxe5 11. 0-0 Nf6 12. Nc3 0-0 13. Ne2 Ne4 14. Rfd1 Nxd2 15. Qh3 Ne4 16. Nd4 c5 17. Ne2 Nc3 18. Nxc3 Qxc3 19. Rac1 c6 20. Qg3 Rae8 21. Rd3 Qb2 22. Qe1 Re6 23. Qd2 c4 24. bxc4 dxc4 25. Rc3 Re4 26. Qe1 Qb6 27. Rb1 Qc5 28. Rb7 g6 29. Qf1 a5 30. h3 Qd5 31. Ra3 Qd2 32. Kh1 c3 33. Rxa5 Rxe3 34. Kh2 Re1 35. Qf6 Qe3 36. Rxf7 Qg1+ 37. Kg3 Re3+ 38. Kh4 Qe1+ 0-1

[Event "Leipzig VfB op 20th"]
[Site "Leipzig"]
[Date "2013.03.05"]
[Round "1"]
[White "Platz, Daniel"]
[Black "Rudolph, Juergen"]
[Result "1-0"]
[WhiteElo "2070"]
[BlackElo "1751"]
[PlyCount "41"]
[EventDate "2013.03.05"]
[EventType "swiss"]
[EventRounds "9"]
[EventCountry "GER"]
[SourceTitle "EXT 2014"]
[Source "ChessBase"]
[SourceDate "2013.11.20"]
[SourceVersion "1"]
[SourceVersionDate "2013.11.20"]
[SourceQuality "1"]

1. d4 e6 2. c4 b6 3. Nc3 Bb7 4. e4 Bb4 5. f3 Qh4+ 6. g3 Qh5 7. Bg2 f5 8. Nge2 fxe4 9. fxe4 Nf6 10. 0-0 0-0 11. Qc2 e5 12. Rf5 Qg6 13. Rxe5 Nc6 14. Rf5 Rae8 15. Rg5 Qf7 16. e5 Ne4 17. Nxe4 Nxd4 18. Nxd4 Bxe4 19. Qxe4 Qf2+ 20. Kh1 Bc5 21. Be3 1-0

[Event "Leipzig VfB op 19th"]
[Site "Leipzig"]
[Date "2012.03.07"]
[Round "3"]
[White "Zoll, Detlef"]
[Black "Rudolph, Juergen"]
[Result "1-0"]
[WhiteElo "1957"]
[BlackElo "1820"]
[PlyCount "43"]
[EventDate "2012.03.06"]
[EventType "swiss"]
[EventRounds "9"]
[EventCountry "GER"]
[SourceTitle "CBM 147 Extra"]
[Source "ChessBase"]
[SourceDate "2012.04.24"]
[SourceVersion "1"]
[SourceVersionDate "2012.04.24"]
[SourceQuality "1"]

1. d4 e6 2. e4 b6 3. Nc3 Bb4 4. Bd3 Bb7 5. Nf3 Nf6 6. Qe2 c5 7. a3 cxd4 8. axb4 dxc3 9. bxc3 Qc7 10. Bd2 Nc6 11. 0-0 Ne5 12. Nxe5 Qxe5 13. f4 Qc7 14. c4 d6 15. Bc3 e5 16. fxe5 dxe5 17. Rf5 Nd7 18. Raf1 0-0 19. Qg4 Rae8 20. Bd2 Re6 21. Rxf7 Rf6 22. Qxg7# 1-0

[Event "GER-ch Seniors 23rd"]
[Site "Halle"]
[Date "2011.08.05"]
[Round "1"]
[White "Rudolph, Juergen"]
[Black "Thieme, Hans"]
[Result "0-1"]
[WhiteElo "1813"]
[BlackElo "2107"]
[PlyCount "62"]
[EventDate "2011.08.05"]
[EventType "swiss"]
[EventRounds "9"]
[EventCountry "GER"]
[SourceTitle "CBM 144 Extra"]
[Source "ChessBase"]
[SourceDate "2011.10.28"]
[SourceVersion "1"]
[SourceVersionDate "2011.10.28"]
[SourceQuality "1"]

1. b3 Nf6 2. Bb2 e6 3. c4 c5 4. Nf3 Be7 5. g3 b6 6. Bg2 Bb7 7. 0-0 0-0 8. d4 cxd4 9. Bxd4 d6 10. Nbd2 Qc7 11. Qc2 Nbd7 12. Rac1 Rac8 13. Qb2 Qb8 14. Rfd1 Rfd8 15. Nf1 a6 16. Ne3 Bf8 17. Bc3 Ne4 18. Be1 Be7 19. Nd2 Bf6 20. Qc2 Nc3 21. Ne4 Nxd1 22. Rxd1 d5 23. Nxf6+ Nxf6 24. Qb1 d4 25. Nf1 Bxg2 26. Kxg2 Qb7+ 27. f3 b5 28. Nd2 e5 29. h3 Re8 30. cxb5 axb5 31. Bf2 Qc6 0-1

[Event "Leipzig VfB op 18th"]
[Site "Leipzig"]
[Date "2011.03.24"]
[Round "4"]
[White "Rudolph, Juergen"]
[Black "Gleichmann, Matthias"]
[Result "1/2-1/2"]
[WhiteElo "1823"]
[BlackElo "2055"]
[PlyCount "58"]
[EventDate "2011.03.20"]
[EventType "swiss"]
[EventRounds "9"]
[EventCountry "GER"]
[SourceTitle "CBM 141 Extra"]
[Source "ChessBase"]
[SourceDate "2011.05.03"]
[SourceVersion "1"]
[SourceVersionDate "2011.05.03"]
[SourceQuality "1"]

1. b3 Nf6 2. Bb2 g6 3. g3 Bg7 4. Bg2 0-0 5. Nf3 c5 6. 0-0 d5 7. d4 Ne4 8. c3 Qa5 9. dxc5 Qxc5 10. Ba3 Qb5 11. Nd4 Qd7 12. e3 Re8 13. Qc2 Nf6 14. Nd2 e5 15. Ne2 Nc6 16. Rad1 Qc7 17. Nf3 Bf5 18. Qc1 Qa5 19. Nd2 Rac8 20. b4 Qb5 21. Rfe1 a5 22. c4 dxc4 23. bxa5 Nxa5 24. Nc3 Qa6 25. Nde4 Nxe4 26. Nxe4 Bxe4 27. Bxe4 Red8 28. Rxd8+ Rxd8 29. Rd1 Rxd1+ 1/2-1/2

[Event "Leipzig VfB op 18th"]
[Site "Leipzig"]
[Date "2011.03.23"]
[Round "2"]
[White "Eichhorn, Mike"]
[Black "Rudolph, Juergen"]
[Result "0-1"]
[WhiteElo "1179"]
[BlackElo "1823"]
[PlyCount "36"]
[EventDate "2011.03.20"]
[EventType "swiss"]
[EventRounds "9"]
[EventCountry "GER"]
[SourceTitle "CBM 141 Extra"]
[Source "ChessBase"]
[SourceDate "2011.05.03"]
[SourceVersion "1"]
[SourceVersionDate "2011.05.03"]
[SourceQuality "1"]

1. e4 e6 2. Nf3 b6 3. d3 Bb7 4. Be3 c5 5. Nbd2 Nf6 6. h3 Be7 7. Be2 d5 8. exd5 Nxd5 9. 0-0 Nxe3 10. fxe3 0-0 11. e4 Nc6 12. c3 Qc7 13. Qe1 Rad8 14. Qf2 Ne5 15. Nxe5 Qxe5 16. Qf4 Qxf4 17. Rxf4 Bg5 18. Raf1 e5 0-1

[Event "Leipzig VfB op 18th"]
[Site "Leipzig"]
[Date "2011.03.23"]
[Round "3"]
[White "Rudolph, Juergen"]
[Black "Grosse, Marcus"]
[Result "0-1"]
[WhiteElo "1823"]
[BlackElo "1968"]
[PlyCount "54"]
[EventDate "2011.03.20"]
[EventType "swiss"]
[EventRounds "9"]
[EventCountry "GER"]
[SourceTitle "CBM 141 Extra"]
[Source "ChessBase"]
[SourceDate "2011.05.03"]
[SourceVersion "1"]
[SourceVersionDate "2011.05.03"]
[SourceQuality "1"]

1. b3 d5 2. e3 e5 3. Bb2 Bd6 4. c4 c6 5. cxd5 cxd5 6. f4 Qh4+ 7. g3 Qe7 8. Nf3 Nc6 9. Bb5 Bg4 10. Bxc6+ bxc6 11. fxe5 Bxe5 12. Bxe5 Bxf3 13. Qxf3 Qxe5 14. 0-0 Nf6 15. Nc3 0-0 16. Ne2 Ne4 17. Rfd1 Nxd2 18. Qf4 Rfe8 19. Kg2 Ne4 20. Qxe5 Rxe5 21. Rac1 c5 22. Nf4 Nf6 23. Kf3 Rae8 24. Rc3 g5 25. Ng2 g4+ 26. Ke2 d4 27. Rcd3 Nd5 0-1

[Event "Leipzig VfB op 11th"]
[Site "Leipzig"]
[Date "2004.03.19"]
[Round "6"]
[White "Rudolph, Juergen"]
[Black "Bergmann, Hans Dieter"]
[Result "0-1"]
[WhiteElo "1664"]
[BlackElo "1595"]
[PlyCount "108"]
[EventDate "2004.03.16"]
[EventType "swiss"]
[EventRounds "9"]
[EventCountry "GER"]
[SourceTitle "EXT 2007"]
[Source "ChessBase"]
[SourceDate "2006.11.23"]
[SourceVersion "1"]
[SourceVersionDate "2006.11.23"]
[SourceQuality "1"]

1. b3 Nf6 2. Bb2 c5 3. Nf3 d6 4. Nc3 Nc6 5. e3 g6 6. Be2 Bg7 7. Nd5 0-0 8. Nxf6+ exf6 9. 0-0 Bf5 10. d4 Nb4 11. Ne1 Qc7 12. a3 Nc6 13. d5 Ne5 14. h3 a6 15. Nf3 b5 16. Re1 Qb7 17. Rb1 Be4 18. Nxe5 fxe5 19. Bf3 Bf5 20. e4 Bd7 21. Qd2 f5 22. exf5 Bxf5 23. g4 Bxc2 24. Qxc2 Rxf3 25. Qe4 Raf8 26. Re2 Rxh3 27. Bc1 Rhf3 28. Be3 Qe7 29. Kg2 Qh4 30. Rh1 Qf6 31. Kf1 c4 32. bxc4 bxc4 33. Rh2 c3 34. Rc2 Rc8 35. Ke2 Rf8 36. Ke1 Qf7 37. Rxc3 Rf4 38. Qh1 Rxg4 39. Rxh7 Rb8 40. Rc1 Rg1+ 41. Qxg1 Kxh7 42. Qg2 Re8 43. Qh3+ Kg8 44. Ke2 Qxd5 45. Rd1 Qc4+ 46. Ke1 Qc3+ 47. Kf1 Qxa3 48. Qd7 Rf8 49. Rxd6 Qxe3 50. Qe6+ Kh8 51. Qa2 Qh3+ 52. Ke1 e4 53. Rxg6 Bc3+ 54. Ke2 Qd3# 0-1

[Event "Leipzig VfB op 11th"]
[Site "Leipzig"]
[Date "2004.03.18"]
[Round "4"]
[White "Rudolph, Juergen"]
[Black "Wueller, Moritz"]
[Result "0-1"]
[WhiteElo "1664"]
[BlackElo "1372"]
[PlyCount "52"]
[EventDate "2004.03.16"]
[EventType "swiss"]
[EventRounds "9"]
[EventCountry "GER"]
[SourceTitle "EXT 2007"]
[Source "ChessBase"]
[SourceDate "2006.11.23"]
[SourceVersion "1"]
[SourceVersionDate "2006.11.23"]
[SourceQuality "1"]

1. b3 d5 2. e3 e5 3. Bb2 Nd7 4. c4 dxc4 5. Bxc4 Ngf6 6. Nf3 Bd6 7. 0-0 0-0 8. Nc3 Nb6 9. Bd3 Bg4 10. h3 Bh5 11. Ne4 Nxe4 12. Bxe4 f5 13. Bxb7 Rb8 14. Bc6 e4 15. g4 exf3 16. Qxf3 fxg4 17. Qg2 Be8 18. Qxg4 Qe7 19. Bg2 Bd7 20. Qh5 Rf5 21. Qe2 Rbf8 22. a4 Rg5 23. f4 Bxf4 24. Rf3 Bc6 25. Rf2 Bxe3 26. dxe3 Rxf2 0-1

[Event "Leipzig VfB op 11th"]
[Site "Leipzig"]
[Date "2004.03.18"]
[Round "5"]
[White "Winnig, Marcel"]
[Black "Rudolph, Juergen"]
[Result "1/2-1/2"]
[WhiteElo "1410"]
[BlackElo "1664"]
[PlyCount "67"]
[EventDate "2004.03.16"]
[EventType "swiss"]
[EventRounds "9"]
[EventCountry "GER"]
[SourceTitle "EXT 2007"]
[Source "ChessBase"]
[SourceDate "2006.11.23"]
[SourceVersion "1"]
[SourceVersionDate "2006.11.23"]
[SourceQuality "1"]

1. d4 e6 2. e4 b6 3. Bd3 Bb7 4. Nf3 c5 5. c3 cxd4 6. cxd4 Nf6 7. Nc3 Bb4 8. Qe2 0-0 9. 0-0 h6 10. Bd2 Be7 11. Rac1 d6 12. Rfe1 Nbd7 13. Nb5 Ba6 14. Rc2 e5 15. Bb4 exd4 16. Nfxd4 Ne5 17. Nc6 Nxc6 18. Rxc6 Bxb5 19. Bxb5 Rc8 20. e5 Ne8 21. Rxc8 Qxc8 22. Bxe8 dxe5 23. Bxe7 Rxe8 24. Bb4 Qf5 25. Qe4 Qh5 26. f4 f6 27. Qd5+ Kh8 28. fxe5 fxe5 29. Bc3 Qg5 30. Qd2 Qf5 31. Rf1 Qe6 32. Re1 e4 33. Qd4 Re7 34. a3 1/2-1/2